000 00624nam a2200217Ia 4500
005 20240327100258.0
008 131103s9999 xx 000 0 und d
020 _a521649900
040 _aLoreto College
041 _aEnglish
082 _a420.7
_bMCK
100 _aMcKay, Heather
245 _aTeaching adult second language learners
_cHeather McKay & Abigail Tom
260 _aCambridge
_bCambridge University Press
_c1999
300 _aviii,234p.
440 _aCambridge Handbooks for Language Teachers
504 _aIncludes bibliography & index
700 _aTom, Abigail
850 _aLCBED
942 _cBK
999 _c27963
_d78442